000 00356nam a2200157Ia 4500
003 0STCL
008 150530s9999 xx 000 0 und d
040 _aSTCL
_cSTCL
100 _aNixon, R.C.S.
245 _aGeometry in space
260 _bOxford university
_c1888
546 _aEnglish
942 _2ddc
_cBK
999 _c24276
_d24276
005 20220125170013.0